000 00374cam a2200157ua 4500
041 _aeng
_h
082 _a823.308
_bNEW/SH
100 _aNewman, Andrea .
245 _aShare of the world /
_cAndrea Newman.
_hTextual Documents
250 _a1 /
_b.
260 _aLondon :
_bBodley Head ,
_c1964.
300 _a252 ; .
504 _a
942 _cBK
999 _c8415
_d8415